KOHA-Header-6

Neural Networks And Learning Machines (Record no. 382)

000 -LEADER
fixed length control field 00323nam a2200121Ia 4500
008 - FIXED-LENGTH DATA ELEMENTS--GENERAL INFORMATION
fixed length control field 190722s9999 xx 000 0 und d
020 ## - INTERNATIONAL STANDARD BOOK NUMBER
International Standard Book Number 978-93-325-7031-3
100 ## - MAIN ENTRY--PERSONAL NAME
Personal name Simon Haykin
245 #0 - TITLE STATEMENT
Title Neural Networks And Learning Machines
260 ## - PUBLICATION, DISTRIBUTION, ETC. (IMPRINT)
Place of publication, distribution, etc India
Name of publisher, distributor, etc Pearson India Education Services
Date of publication, distribution, etc 2016
300 ## - PHYSICAL DESCRIPTION
Extent 918
942 ## - ADDED ENTRY ELEMENTS (KOHA)
Koha item type Books
Holdings
Withdrawn status Lost status Source of classification or shelving scheme Damaged status Not for loan Collection code Permanent Location Current Location Shelving location Date acquired Full call number Barcode Date last seen Price effective from Koha item type
          Computer Networking MAJU MAJU Shelf No.A33 2019-07-22 6.32 7008 2019-07-22 2019-07-22 Computer Networking

Powered by Koha